header

What's new in Visual FoxPro 8.0 (Record no. 111658)

MARC details
000 -LEADER
fixed length control field 01169nam a2200301Ia 4500
082 04 - DEWEY DECIMAL CLASSIFICATION NUMBER
Classification number 005.75/65
100 1# - MAIN ENTRY--AUTHOR NAME
Personal name Granor, Tamar E.
245 10 - TITLE STATEMENT
Title What's new in Visual FoxPro 8.0
260 ## - PUBLICATION, DISTRIBUTION, ETC. (IMPRINT)
Place of publication Whitefish Bay, WI :
Name of publisher Hentzenwerke Publishing,
Year of publication c2003.
300 ## - PHYSICAL DESCRIPTION
Number of Pages xvii, 264 p. :
Other physical details ill.
650 #0 - SUBJECT ADDED ENTRY--TOPICAL TERM
Topical Term Database management.
700 1# - ADDED ENTRY--PERSONAL NAME
Personal name Hennig, Doug.
Personal name Slater, Jim.
856 40 - ELECTRONIC LOCATION AND ACCESS
Uniform Resource Identifier http://site.ebrary.com/lib/rucke/Doc?id=10120751

No items available.

© 2026 Rongo University
Contact us: librarian | system librarian | Rongo university